01023nam a2200241 a 450000100060000000300090000600800410001502000140005604000280007008200170009810000360011524500290015126000610018030000160024150001470025765000500040465000460045465000510050065000490055194200120060099900170061295201520062910141CO-ViMGA141112s2004 ck r 000 u spa d a288145061 aCO-ViMGAbspacCO-ViMGA04a623.446 D7221 aDoswald Beack ; Louise, 91300810aArmas que Causan Ceguera aGinebra : bComite Internacional de la Cruz Roja, c1993 a391p. : il. aInformes de las reuniones de expertos convocadas por el Comite Internacional de la Cruz Roja sobre las armas láser de combate 1989 - 1991. 14aEFECTOS DE LOS RAYOS LASER EN LOS OJOS91300914aEFECTOS PSICOLOGICOS DE LA CEGUERA91301014aRAYOS LASER Y SU UTILIZACION EN COMBATE91301114aUTILIZACION DE ARMAS LASER DE COMBATE913012 2ddccBK c21514d21514 00102ddc40708002aMEVIECARbMEVIECARd2015-12-04hVolumen. 1 | 11/jun/2009l0o623.446 D722 p10141r2015-12-04 00:00:00tEj. 1w2015-12-04yBK